000 01416nam2a2200253 4500
001 RU\NLR\BIBL_A\022793316
005 20260503064500.0
010 _a978-5-9904272-1-1
035 _a(NLR Aleph) 022793316
090 _a13700008
_c13700008
100 _a20260423d2026 u y0rusy50 ca
101 0 _arus
102 _aRU
105 _aah f 000yy
200 1 _aСеверо-Западный Федеральный округ
_iСанкт-Петербург и Ленинградская область
_hЧ. 1
210 _d2026
215 _a307 с.
_cил., цв. ил., факс.
320 _aБиблиогр.: с. 302–304 (84 назв.)
320 _aДругие кн. авт. в конце кн.
461 0 _1001RU\NLR\BIBL_A\022794764
_12001#$aДенежные знаки необязательного обращения$eэнциклопедия$fИванов П. В., Белявцев А. И.$vКн. 1
_1700#1$aИванов$bП. В.$f1968-$gПавел Викторович
_913700009
_aИванов, П. В. (1968-)
_cСанкт-Петербург
_d2026-
_eИзд. 2-е, перераб. и доп.
_fИванов П. В., Белявцев А. И.
_nТипография Михаила Фурсова
_oэнциклопедия
_tДенежные знаки необязательного обращения
_vКн. 1
942 _cBOOK
980 _aNB